[Event "Speed Chess Championship 2020"]
[Site "Online"]
[Date "2020.11.04"]
[Round "1.8"]
[White "Maghsoodloo, Parham"]
[Black "Carlsen, Magnus"]
[Result "0-1"]
[WhiteElo "2676"]
[BlackElo "2862"]
[Annotator "TA"]
[PlyCount "54"]
[EventDate "2020.10.31"]
[EventType "k.o."]
[SourceTitle "playchess.com"]
[Source "ChessBase"]
[SourceQuality "1"]

{[%evp 9,54,0,7,2,28,25,62,11,10,0,10,0,0,19,28,18,0,12,35,12,25,0,0,0,26,28,22,-44,-39,-182,-164,-473,-432,-398,-143,-139,-232,-812,-802,-786,-777,-1163,-1164,-1137,-1127,-1139,-1147]} 1. c4 e5 2. g3 Nc6 3. Bg2 h5 4. h3 Bc5 5. e3 d6 6. Ne2 {A20: English Opening: 1...e5.} a6 7. Nbc3 Nge7 8. a3 (8. O-O $14) 8... Ba7 $11 9. b4 {[#]} h4 $5 $146 {[%mdl 8] New and interesting.} ({Predecessor:} 9... Bf5 10. d3 Rb8 11. Bb2 Qd7 12. Qd2 b5 13. Rc1 O-O 14. Nd5 Bg6 15. O-O Nxd5 16. cxd5 {0-1 (68) Le,Q (2709)-Kuzubov,Y (2643) chess.com INT 2020}) 10. g4 f5 11. gxf5 Bxf5 12. d4 exd4 13. exd4 Qd7 14. Be3 O-O 15. c5 Rae8 16. Qb3+ Kh8 17. O-O-O Bh7 18. Rd2 ({Better is} 18. Rhg1 $1 $11) 18... Nf5 $15 19. d5 {Now White is beyond hope.} (19. Bg5 $15) 19... Qf7 $19 20. Na4 $2 (20. Ne4 {is a better chance.} Nxe3 21. Qxe3) 20... Nxe3 21. fxe3 {intending Rf1.} b5 $2 (21... dxc5 $19 22. Nxc5 {[#]} Na5 $1 {[%mdl 512]}) 22. cxb6 $17 cxb6 {Threatens to win with ...b5.} 23. b5 $2 (23. Rf1 Qg8 24. Rxf8 Rxf8 25. Nac3) 23... Na5 $19 {[%cal Bc6a5,Ba5c4,Bc4e3][%mdl 32] Black is clearly winning.} 24. Qb4 Rc8+ 25. Kb2 Nc4+ {[%mdl 64] [#] Double Attack} 26. Ka1 axb5 27. Rd4 Nxe3 {Av CentiPawn Loss W=-65/B=-19. Weighted=-105/-39} 0-1

[Event "Speed Chess Championship 2020"]
[Site "Online"]
[Date "2020.11.08"]
[Round "1.8"]
[White "Abdusattorov, Nodirbek"]
[Black "So, Wesley"]
[Result "1-0"]
[WhiteElo "2662"]
[BlackElo "2816"]
[Annotator "ChessBase"]
[PlyCount "67"]
[EventDate "2020.10.31"]
[EventType "k.o."]
[SourceTitle "playchess.com"]
[Source "ChessBase"]
[SourceQuality "1"]
[TimeControl "300+1"]

1. e4 {[%emt 0:00:01]} c5 {[%emt 0:00:01]} 2. c3 {[%emt 0:00:02]} Nf6 {[%emt 0:00:02]} 3. e5 {[%emt 0:00:02]} Nd5 {[%emt 0:00:00]} 4. Nf3 {[%emt 0:00:00]} d6 {[%emt 0:00:01]} 5. d4 {[%emt 0:00:01]} cxd4 {[%emt 0:00:00]} 6. cxd4 {[%emt 0:00:00]} Nc6 {[%emt 0:00:01]} 7. Bc4 {[%emt 0:00:01]} Nb6 {[%emt 0:00:01]} 8. Bb5 {[%emt 0:00:01]} dxe5 {[%emt 0:00:01]} 9. Nxe5 {[%emt 0:00:04]} Bd7 {[%emt 0:00:00]} 10. Nxd7 {[%emt 0:00:00]} Qxd7 {[%emt 0:00:00]} 11. O-O {[%emt 0:00:03]} e6 {[%emt 0:00:01]} 12. Nc3 {[%emt 0:00:01]} a6 {[%emt 0:00:01]} 13. Bxc6 {[%emt 0:00:17]} Qxc6 {[%emt 0:00:00]} 14. Re1 {[%emt 0:00:27]} Bb4 {[%emt 0:00:11]} 15. Qg4 {[%emt 0:00:05]} Bxc3 {[%emt 0:00:33]} 16. bxc3 {[%emt 0:00:03]} Kf8 {[%emt 0:00:07]} 17. Bf4 {[%emt 0:00:20]} h5 {[%emt 0:00:10]} 18. Qg3 {[%emt 0:00:05]} h4 {[%emt 0:00:03]} 19. Qg4 {[%emt 0:00:01]} Nd5 {[%emt 0:00:03]} 20. Be5 {[%emt 0:00:23]} f6 {[%emt 0:00:02]} 21. c4 {[%emt 0:00:01]} Ne7 {[%emt 0:00:32]} 22. Bxf6 {[%emt 0:01:13]} gxf6 {[%emt 0:00:00]} 23. d5 {[%emt 0:00:01]} exd5 {[%emt 0:00:38]} 24. Re6 {[%emt 0:00:08]} Qxc4 {[%emt 0:00:01]} 25. Rxf6+ {[%emt 0:00:04]} Ke8 {[%emt 0:00:00]} 26. Qg7 {[%emt 0:00:40]} Kd7 {[%emt 0:00:02]} 27. Re1 {[%emt 0:00:04]} Rae8 {[%emt 0:00:01]} 28. Rfe6 {[%emt 0:00:30]} Qc5 {[%emt 0:00:01]} 29. Qg4 {[%emt 0:00:07]} Kd8 {[%emt 0:00:08]} 30. Qf4 {[%emt 0:00:28]} Nc6 {[%emt 0:00:13]} 31. Qf6+ {[%emt 0:00:04]} Kd7 {[%emt 0:00:01]} 32. Qg7+ {[%emt 0:00:04]} Re7 {[%emt 0:00:04]} 33. Rxe7+ {[%emt 0:00:02]} Nxe7 {[%emt 0:00:01]} 34. Qxh8 {[%emt 0:00:00]} 1-0

[Event "Speed Chess Championship 2020"]
[Site "Online"]
[Date "2020.11.12"]
[Round "1.8"]
[White "Martirosyan, Haik M."]
[Black "Nakamura, Hikaru"]
[Result "0-1"]
[WhiteElo "2622"]
[BlackElo "2736"]
[Annotator "TA"]
[PlyCount "84"]
[EventDate "2020.10.31"]
[EventType "k.o."]
[SourceTitle "playchess.com"]
[Source "ChessBase"]
[SourceQuality "1"]

{[%evp 12,84,27,16,21,16,23,12,34,17,53,17,17,18,28,18,18,1,22,-27,-27,-59,-42,-37,-13,-12,0,0,0,-90,-87,-110,-76,-84,-89,-81,-57,-99,-110,-110,-90,-85,-82,-77,-88,-87,-84,-96,-71,-71,-71,-84,-63,-64,0,-39,0,0,0,0,366,336,362,360,669,-331,-318,-327,-315,-392,-145,-154,0,-73,0]} 1. d4 Nf6 2. Nf3 e6 3. c4 d5 4. Nc3 Be7 5. Bf4 O-O 6. e3 Nbd7 {6...b6 is the modern continuation.} 7. Be2 dxc4 {D37: Queen's Gambit Declined: 5 Bf4.} 8. O-O a6 9. a4 b6 $5 {[%mdl 4] The position is equal. Leaves trodden paths.} 10. Bxc4 Bd6 11. Bg5 h6 12. Bh4 Bb7 {[#]} 13. d5 $146 ({Predecessor:} 13. Qe2 c5 14. d5 exd5 15. Nxd5 g5 16. Bg3 Bxg3 17. Nxf6+ Qxf6 18. hxg3 Rfd8 19. Rad1 {½-½ (33) So,W (2755)-Zhou,J (2580) Las Vegas 2014}) 13... exd5 14. Bxd5 Qc8 15. e4 Re8 16. Re1 {Black must now prevent Bxb7.} Bxd5 17. Nxd5 Nxe4 18. Qc2 Qb7 19. Rad1 Nec5 $36 {[%mdl 2048] Black is more active.} 20. Rxe8+ (20. Ne7+ $11 Bxe7 21. Bxe7) 20... Rxe8 $17 21. b4 Ne6 22. Bg3 Bxg3 23. hxg3 c5 24. b5 axb5 25. axb5 {[#]} Nd4 $1 {[%mdl 512]} 26. Nxd4 Qxd5 27. Nf5 Qe6 28. Nd6 Ra8 29. Nc4 Nf6 30. f3 g6 31. Kh2 Nd5 32. Qd2 Ne7 ({Better is} 32... Nc7 $1 $15 33. Qd3 Nxb5) 33. Qf4 {White wants to play Rd6.} Ra4 34. Qb8+ Kg7 35. Nxb6 Ra2 $2 {[%mdl 8192]} (35... Rd4 $11 36. Ra1 Qf6) 36. Nd7 $18 {Threatens to win with Qf8+.} Ng8 {[#]} 37. Qf8+ $1 Kh7 $2 (37... Kh8 38. Qxc5 (38. Nxc5 $2 Qe2 $19 {[%mdl 64] Double Attack}) 38... Qe2 39. Qe5+ Qxe5 40. Nxe5 Re2) 38. Qd8 $4 {[%mdl 8192] [#]} (38. Rd6 $18 {avoids the disaster.} Qc4 39. b6 (39. Rf6 Rxg2+ 40. Kxg2 Qe2+ 41. Kh3 Qf1+ 42. Kh4 Qh1+ 43. Kg4 Qh5+ 44. Kf4 Qg5+ 45. Ke4 Nxf6+ 46. Nxf6+ Qxf6 $16)) 38... Qe2 $1 $19 {[%csl Ga2,LRb5,LRd1,LRf3,LRg2][%cal Re2g2][%mdl 576] Double Attack} 39. Rg1 Qxf3 $1 {aiming for ...g5.} ({Not} 39... Qxb5 40. Qe8 $16) 40. Qh4 Qd5 $2 (40... Rd2 $19 {and Black stays clearly on top. Hoping for ...Qf5.} 41. b6 Qd5 42. Nf6+ Nxf6 43. Qxf6 {[#]} Rf2 $1 {[%mdl 512]}) 41. Nb6 $17 Qb3 $2 ({Black should try} 41... Qb7 $17 42. Qc4 Rd2 43. Qxc5 Nf6) 42. Qf4 (42. Rf1 $1 $11) 42... Qe6 {[%mdl 32768] Weighted Error Value: White=0.37/Black=0.48. Loss on time!?} (42... Ra7 $17 43. Nc8 Rd7) 0-1

[Event "Speed Chess Championship 2020"]
[Site "Online"]
[Date "2020.12.08"]
[Round "1.8"]
[White "Nihal Sarin"]
[Black "Vachier-Lagrave, Maxime"]
[Result "0-1"]
[WhiteElo "2620"]
[BlackElo "2784"]
[Annotator "TA"]
[PlyCount "64"]
[EventDate "2020.10.31"]
[EventType "k.o."]

{[%evp 20,64,45,16,17,3,3,2,10,1,6,12,10,-13,-16,-6,-4,-33,3,3,8,0,24,15,31,-10,0,5,9,-275,-161,-151,-153,-305,-163,-577,-572,-577,-575,-565,-566,-592,-481,-567,-427,-717,-541]} 1. d4 d5 2. c4 dxc4 3. Nf3 Nf6 4. e3 e6 5. Bxc4 c5 6. O-O a6 7. b3 cxd4 8. Nxd4 Be7 9. Bb2 Bd7 10. Nd2 Nc6 11. N2f3 O-O {D27: Queen's Gambit Accepted: Classical main line: 7 e4!? and 7 a4.} 12. Rc1 Rc8 13. Qe2 Nxd4 {The position is equal.} 14. Bxd4 {[#]} Bc6 $146 ({Predecessor:} 14... Qa5 15. Ne5 Bb5 16. Qf3 Bxc4 17. bxc4 Bd6 18. c5 Bxc5 19. Nc4 Qd8 20. Bxf6 Qxf6 21. Qxb7 {½-½ (34) Muse,M (2420)-Brunner,L (2510) Germany 1996}) 15. Rfd1 Ba3 {[#] Hoping for ...Bxf3.} 16. Ra1 Qe7 17. Ne5 Be4 18. f3 Bd5 19. e4 Bc6 20. Qe3 Nd7 21. Nxd7 Bxd7 22. Bb6 (22. Bxg7 $5 Kxg7 23. Qd4+ {[%mdl 64] Double Attack} Kg8 24. Qxd7 $14) 22... Bb5 23. Bxb5 axb5 24. Rd2 $2 {[%mdl 8192] Loses the game.} (24. Qd3 $11 {and White stays safe.}) 24... Rc6 (24... Bc1 $142 {Threatens to win with ...Qf6.} 25. h3 Bxd2 26. Qxd2 Rc6) 25. Rf2 $19 Rfc8 26. h3 $2 (26. e5 $17) 26... h5 (26... Bc1 $142 27. Qe1 Bf4) 27. Kh1 $2 {[#]} (27. f4 {is more resistant.}) 27... Rxb6 $1 {[%mdl 576] Remove Defender. Black is clearly winning.} 28. Qxb6 Bc5 {[%mdl 64] Double Attack} 29. Qxb5 {And now Rc1 would win.} Bxf2 30. Qxh5 Bg3 31. Qb5 Bb8 32. Re1 (32. Rd1 $142) 32... Rc2 {Weighted Error Value: White=0.81/Black=0.36} 0-1

[Event "Speed Chess Championship 2020"]
[Site "Online"]
[Date "2020.11.04"]
[Round "1.9"]
[White "Carlsen, Magnus"]
[Black "Maghsoodloo, Parham"]
[Result "1-0"]
[WhiteElo "2862"]
[BlackElo "2676"]
[Annotator "TA"]
[PlyCount "107"]
[EventDate "2020.10.31"]
[EventType "k.o."]
[SourceTitle "playchess.com"]
[Source "ChessBase"]
[SourceQuality "1"]

{[%evp 10,107,10,22,16,12,16,3,24,16,31,0,0,-10,0,0,19,5,0,0,0,6,7,22,27,0,0,0,0,0,0,0,0,0,0,0,0,0,0,0,0,0,0,0,0,-20,8,8,8,8,8,0,0,0,0,-6,0,0,0,0,0,0,0,0,0,0,0,0,0,0,16,0,16,42,111,110,171,166,671,595,580,517,688,666,710,735,688,731,712,696,658,587,718,703,650,567,1652,1383,29986,29987]} 1. e4 e5 2. Bc4 Nf6 3. d3 Nc6 4. Nf3 Bc5 5. O-O d6 6. c3 a5 {6...a6 is the modern continuation. Played by Alexander Grischuk in October 2020. C54: Giuoco Piano: 4 c3 Nf6, main lines with 5 d4 and 5 d3.} 7. Re1 O-O 8. Nbd2 Be6 {The position is equal.} 9. Bb5 Qb8 10. Bxc6 $5 {[%mdl 4] An interesting side line.} bxc6 11. d4 exd4 12. cxd4 Bb4 (12... Bb6 {seems wilder.} 13. Qc2 a4 14. Nf1 h6 15. h3 Qb7) 13. a3 Bxd2 $1 14. Nxd2 {[#]} a4 $146 ({Predecessor:} 14... Re8 15. f3 Qb6 16. Nf1 Bb3 17. Qd3 d5 18. e5 Bc4 19. Qc3 Nd7 20. Be3 Rab8 {½-½ (33) Wen,Y (2588)-Ma,Q (2533) Shenyang 2019}) 15. Nf1 Qb3 16. Qxb3 Bxb3 17. f3 Nd7 18. Bd2 c5 19. Bc3 f5 20. dxc5 Nxc5 21. e5 d5 22. Bb4 $1 {[%cal Rb4c5]} Nd3 {[%mdl 64] [#] Double Attack} 23. Bxf8 Nxe1 24. Rxe1 Kxf8 $11 {[%mdl 4096] Endgame KRB-KRN} 25. Rc1 Rc8 26. Rc5 f4 27. Nd2 Ke7 28. Nxb3 axb3 29. Rxd5 {KR-KR} c5 $1 30. Kf2 Ke6 31. Rd1 c4 32. Ke2 Kxe5 33. Kd2 Kd4 34. Re1 $1 {[%cal Re1e4] [#] Hoping for Re4+.} Rd8 $1 35. Re4+ Kc5+ 36. Kc1 g5 37. Re5+ Kd4 38. Rxg5 Re8 {aiming for ...Re1+.} 39. Kd2 c3+ 40. bxc3+ Kc4 {Strongly threatening ...Re1!} 41. Rg7 b2 ({Black should play} 41... Rd8+ $1 $14 42. Kc1 Kxc3 43. Rc7+ Kd4) 42. Rb7 $16 {And now Rb4+ would win.} Rd8+ (42... Rg8 $16 43. Rb4+ (43. Rxb2 Rxg2+ {[%mdl 64] Double Attack} 44. Kc1 Rg6 $11) 43... Kc5) 43. Kc2 $18 Re8 $2 (43... Rg8) 44. Rb4+ Kc5 45. Kxb2 Re2+ 46. Kb3 Rxg2 47. h4 Rg1 48. Rxf4 Rb1+ 49. Kc2 Rh1 50. a4 {[%cal Ba3a4,Ba4a5,Ba5a6][%mdl 32]} Ra1 51. Kb2 Rh1 52. Rb4 h6 53. a5 Rh3 54. a6 {Av CentiPawn Loss W=-13/B=-62. Weighted=-10/-39} 1-0

[Event "Speed Chess Championship 2020"]
[Site "Online"]
[Date "2020.11.08"]
[Round "1.9"]
[White "So, Wesley"]
[Black "Abdusattorov, Nodirbek"]
[Result "0-1"]
[WhiteElo "2816"]
[BlackElo "2662"]
[Annotator "TA"]
[PlyCount "50"]
[EventDate "2020.10.31"]
[EventType "k.o."]
[SourceTitle "playchess.com"]
[Source "ChessBase"]
[SourceQuality "1"]

{[%evp 13,50,45,62,15,8,23,37,-7,-11,-2,-11,-73,-55,-61,-80,-98,-45,-33,-44,-45,-55,-47,-40,-48,71,-44,-31,-141,-45,-135,-145,-143,-140,-545,-541,-535,-529,-484,-483]} 1. e4 c6 2. d4 d5 3. e5 Bf5 4. Nf3 e6 5. Be2 c5 6. Be3 Qb6 7. Nc3 Nc6 {[%cal Bb8c6,Bc6b4,Bb4c2][%mdl 32]} 8. Na4 {B12: Caro-Kann: Advance Variation.} (8. O-O $5 {[%cal Rd4c5]}) 8... Qa5+ 9. c3 {[%cal Rd4c5]} c4 $1 {[%mdl 4] is currently scoring better than 9...cxd4. Played by Pentala Harikrishna in September 2020.} 10. b4 {White is slightly better.} Bxb4 11. cxb4 Nxb4 {[#] aiming for ...Nc2+.} 12. Nc3 $146 (12. Nc5 $1 $11 Nc2+ {[%mdl 64] Double Attack} 13. Kf1 Nxa1 14. Qxa1) ({Predecessor:} 12. Nc5 Nc2+ 13. Kf1 Nxa1 14. Qxa1 Qc7 15. g4 Bxg4 16. Rg1 h5 17. Nh4 b6 18. Na4 {0-1 (45) Lagarde,M (2604)-Riazantsev,A (2662) Brest 2018}) 12... Nc2+ $17 {[%mdl 64] Double Attack, Discovered Attack} 13. Kd2 Nxa1 14. Qxa1 h6 (14... b5 $17 {...b4 is the strong threat.} 15. a3 h6) 15. Qb2 $15 Rb8 $1 16. Qb5+ Qxb5 17. Nxb5 Ne7 18. a4 g5 (18... O-O $15 {stays ahead.}) 19. Kc3 (19. Nd6+ $16 Kf8 20. h4) 19... Kd7 20. Nd2 (20. Nd6 $15) 20... Bg6 (20... a6 $1 $17 {[%cal Ra6b5]} 21. Nd6 Bg6) 21. h4 (21. Nd6 $15) 21... a6 $17 22. Nd6 {[#]} b5 $1 {[%cal Bb7b5,Bb5b4][%mdl 32]} 23. Nf1 $2 {[%mdl 8192]} (23. h5 $17 {is more resistant.} Bh7 24. Kb2) 23... b4+ $19 {Black is clearly winning.} 24. Kb2 c3+ 25. Kb3 {[#]} Nc6 $1 {Av CentiPawn Loss W=-48/B=-14. Weighted=-101/-23} 0-1

[Event "Speed Chess Championship 2020"]
[Site "Online"]
[Date "2020.12.08"]
[Round "1.9"]
[White "Vachier-Lagrave, Maxime"]
[Black "Nihal Sarin"]
[Result "1-0"]
[WhiteElo "2784"]
[BlackElo "2620"]
[Annotator "TA"]
[PlyCount "123"]
[EventDate "2020.10.31"]
[EventType "k.o."]

{[%evp 14,123,14,23,17,14,8,11,58,34,34,34,35,41,43,22,33,21,78,16,33,7,27,27,32,33,28,19,26,22,32,20,24,0,0,0,0,0,6,9,13,6,14,7,25,24,52,48,67,16,59,27,91,79,95,18,18,23,25,20,20,9,15,15,23,6,17,-99,-99,-105,-99,-99,-99,-110,-93,-91,0,-105,-105,-105,-105,-205,-105,-105,-105,-105,-105,-105,-80,-80,-80,-85,0,0,0,0,0,0,29966,0,29975,29976,29976,29977,29977,29978,29978,29979,29980,29981,29981,29982]} 1. e4 c6 2. Nf3 d5 3. Nc3 dxe4 4. Nxe4 Nf6 5. Ng3 g6 6. d4 Bg7 7. Bc4 O-O 8. O-O Bg4 {B15: Caro-Kann: 3 Nc3: 3...g6 and 3...dxe4 4 Nxe4 Nf6 5 Nxf6+ exf6.} 9. c3 Nbd7 {[%cal Bb8d7,Bd7f6,Bf6d5][%mdl 32]} 10. Re1 {[#]} Nh5 $146 {The position is equal.} ({Predecessor:} 10... e6 11. h3 Bxf3 12. Qxf3 Nd5 13. Bb3 a5 14. a3 a4 15. Bc2 b5 16. Bd2 N7b6 {0-1 (30) Sarenac,I (2449)-Drazic,S (2517) Belgrade 2016}) 11. h3 Bxf3 12. Qxf3 Nxg3 13. Qxg3 e6 14. Bf4 Nf6 15. Qf3 Re8 (15... b5 $11 16. Bb3 Nd5) 16. Re2 (16. Bg5 $16) 16... Nd5 17. Bg3 Nb6 18. Bb3 a5 19. a4 Nd5 20. Rae1 Qf6 21. Qe4 Qf5 22. Qxf5 gxf5 23. Bc2 {White wants to play Bxf5!} Red8 24. Be5 Bxe5 25. Rxe5 Kg7 26. g4 fxg4 $1 27. hxg4 h6 28. Kg2 Nf6 29. Kg3 Rd5 30. f4 Nd7 31. R5e2 ({White should try} 31. Rxd5 $14 cxd5 32. Bd3) 31... Nf6 32. Rh1 {aiming for Reh2.} Rad8 (32... c5 $11 {remains equal.}) 33. Bb3 R5d7 34. g5 (34. Reh2 $1 $16) 34... hxg5 $11 35. fxg5 Nd5 36. Reh2 Rg8 37. Kf3 Kf8 38. Rh8 Rd8 39. Bc2 Ke7 40. R8h7 (40. Rxg8 $11 {keeps the balance.} Rxg8 41. Rh5) 40... Rxg5 $17 41. Rh8 Rdg8 42. Rxg8 Rxg8 {[%mdl 4096] Endgame KRB-KRN} 43. Rh2 Nb6 44. Rh5 Nd5 (44... Ra8 $17) 45. Be4 (45. Rh2 $1 $11) 45... b6 46. Bxd5 cxd5 {KR-KR} 47. Rh2 {[#]} (47. Rh1 $17) 47... b5 (47... Rg1 $1 $19 48. Ke2 Ra1) 48. axb5 Rb8 49. Ke3 Rxb5 50. Kd3 Kd6 51. Kc2 Rb7 52. Rh8 f6 ({Better is} 52... Ra7 $17 53. Rh1 a4) 53. Ra8 $11 f5 54. Rxa5 f4 55. b4 Rf7 $2 {[%mdl 8192]} (55... Rb8 $11) 56. Kd2 $2 (56. Ra6+ {mates} Ke7 57. Ra7+ Ke8 58. Rxf7 Kxf7 59. Kd2 Ke7 60. Ke2 Kd6 61. Kf3) 56... f3 $2 {[%mdl 8192]} (56... Rf8 $11) 57. Ra6+ {White mates.} Ke7 {[#]} 58. Ra7+ $1 Kf6 59. Rxf7+ Kxf7 60. Ke3 Ke7 61. Kxf3 Kd6 62. Kf4 {Weighted Error Value: White=0.29/Black=0.41} 1-0

[Event "Speed Chess Championship 2020"]
[Site "Online"]
[Date "2020.11.04"]
[Round "1.9"]
[White "Firouzja, Alireza"]
[Black "Fedoseev, Vladimir"]
[Result "1/2-1/2"]
[WhiteElo "2749"]
[BlackElo "2676"]
[Annotator "TA"]
[PlyCount "86"]
[EventDate "2020.10.31"]
[EventType "k.o."]
[SourceTitle "playchess.com"]
[Source "ChessBase"]
[SourceQuality "1"]

{[%evp 9,86,0,0,-2,0,-11,11,14,18,14,12,0,8,0,6,0,16,0,31,31,34,13,81,48,52,55,52,56,88,78,86,78,50,34,88,87,167,174,167,158,165,160,173,166,169,178,201,198,197,-180,35,-153,-153,-154,-164,-168,0,0,0,0,0,0,0,-236,0,0,0,0,0,0,0,0,0,0,0,-5,0,0,0]} 1. Nf3 d5 2. g3 c5 3. Bg2 Nf6 4. O-O e6 5. d3 Be7 6. e4 {A08: King's Indian Attack.} O-O 7. e5 Ne8 8. Re1 Nc6 {[#]} 9. Bf4 $146 ({Predecessor:} 9. Nbd2 f6 10. Nf1 fxe5 11. Nxe5 Nxe5 12. Rxe5 Bf6 13. Re1 Bd7 14. Ne3 {0-1 (14) Milner,O (1445)-Ramien,D Heusenstamm 2015}) 9... b5 10. h4 a5 11. a3 Ba6 12. Nbd2 b4 13. h5 Nc7 14. h6 g6 $1 15. Nf1 d4 (15... Nb5 $11 {remains equal.}) 16. Qd2 c4 17. dxc4 Bxc4 18. Bg5 bxa3 19. Bxe7 Qxe7 20. bxa3 Bxf1 21. Bxf1 Rad8 (21... Rfd8 $14) 22. Nh2 $16 f5 (22... Rc8 $16 {was called for.}) 23. exf6 $1 $18 Qxf6 24. Bg2 Ne5 25. Qxa5 Nd5 26. Qd2 $1 Nc3 27. a4 d3 28. cxd3 $1 Nxd3 29. Rf1 $4 {[%mdl 8192] [#]} (29. Ng4 $18 {was the only winning move.} Qd4 30. Rxe6) 29... Nf4 $2 (29... Nc1 $1 $19 {[%mdl 512]} 30. Qe3 (30. Raxc1 Rxd2) 30... N3e2+ {[%mdl 64] Discovered Attack} 31. Kh1 Qxa1 32. Qxe6+ Kh8 33. Qxe2 Nxe2 34. Rxa1 Rxf2) 30. Qe3 $2 (30. Qe1 $14 {keeps the upper hand.} Nfe2+ 31. Kh1) 30... Rd3 $1 $36 {[%cal Rd3e3][%mdl 2048] Black has strong initiative.} 31. Qe1 {[#]} ({Much weaker is} 31. Ng4 $6 Qe7 $11) 31... Nfe2+ $1 ({Don't take} 31... Nxg2 32. Kxg2 e5 33. Rc1 $11) 32. Kh1 {[#] and if a5 works, White does fine.} Qg5 $2 (32... Qe5 $1 $19 33. Bb7 Qc7) 33. a5 $11 Rxg3 34. fxg3 Nxg3+ 35. Qxg3 Qxg3 36. Rxf8+ Kxf8 37. a6 {The position is equal.} Nb5 {White must now prevent ...Qe3.} 38. a7 Nxa7 $1 39. Rxa7 Qe1+ 40. Bf1 Qe4+ 41. Bg2 Qe1+ 42. Bf1 Qe4+ 43. Bg2 Qe1+ {Av CentiPawn Loss W=-19/B=-25. Weighted=-17/-32} 1/2-1/2

[Event "Speed Chess Championship 2020"]
[Site "Online"]
[Date "2020.11.15"]
[Round "1.9"]
[White "Duda, Jan-Krzysztof"]
[Black "Caruana, Fabiano"]
[Result "1-0"]
[WhiteElo "2743"]
[BlackElo "2823"]
[Annotator "ChessBase"]
[PlyCount "65"]
[EventDate "2020.10.31"]
[EventType "k.o."]
[EventCountry "NET"]
[SourceTitle "playchess.com"]
[Source "ChessBase"]
[SourceQuality "1"]
[TimeControl "300+1"]

1. e4 {[%emt 0:00:01]} e6 {[%emt 0:00:01]} 2. d4 {[%emt 0:00:01]} d5 {[%emt 0:00:00]} 3. Nc3 {[%emt 0:00:01]} Nf6 {[%emt 0:00:01]} 4. e5 {[%emt 0:00:00]} Nfd7 {[%emt 0:00:00]} 5. Nce2 {[%emt 0:00:01]} c5 {[%emt 0:00:01]} 6. c3 {[%emt 0:00:00]} Nc6 {[%emt 0:00:01]} 7. f4 {[%emt 0:00:01]} a5 {[%emt 0:00:04]} 8. Nf3 {[%emt 0:00:01]} a4 {[%emt 0:00:00]} 9. Be3 {[%emt 0:00:04]} Be7 {[%emt 0:00:04]} 10. Qd2 {[%emt 0:00:02]} O-O {[%emt 0:00:01]} 11. h4 {[%emt 0:00:03]} b5 {[%emt 0:00:04]} 12. dxc5 {[%emt 0:00:46]} Nxc5 {[%emt 0:00:03]} 13. Bxc5 {[%emt 0:00:01]} Bxc5 {[%emt 0:00:02]} 14. Ned4 {[%emt 0:00:00]} Nxd4 {[%emt 0:00:10]} 15. cxd4 {[%emt 0:00:01]} Be7 {[%emt 0:00:09]} 16. Kf2 {[%emt 0:00:07]} b4 {[%emt 0:00:07]} 17. Rc1 {[%emt 0:00:04]} Qb6 {[%emt 0:00:15]} 18. g4 {[%emt 0:00:17]} Bd7 {[%emt 0:00:05]} 19. Kg3 {[%emt 0:00:02]} Rfc8 {[%emt 0:00:06]} 20. Bd3 {[%emt 0:00:03]} b3 {[%emt 0:00:35]} 21. a3 {[%emt 0:00:07]} Rxc1 {[%emt 0:00:03]} 22. Rxc1 {[%emt 0:00:00]} Rc8 {[%emt 0:00:01]} 23. Re1 {[%emt 0:00:19]} Bb5 {[%emt 0:00:19]} 24. Bb1 {[%emt 0:00:01]} Qc7 {[%emt 0:02:00]} 25. h5 {[%emt 0:00:03]} Bd8 {[%emt 0:00:14]} 26. Kf2 {[%emt 0:00:33]} Qa5 {[%emt 0:00:05]} 27. Qe3 {[%emt 0:00:02]} Qa7 {[%emt 0:00:14]} 28. Rg1 {[%emt 0:00:16]} Bb6 {[%emt 0:00:08]} 29. f5 {[%emt 0:00:05]} Rc4 {[%emt 0:00:02]} 30. Rd1 {[%emt 0:00:01]} exf5 {[%emt 0:00:12]} 31. gxf5 {[%emt 0:00:00]} Rc6 {[%emt 0:00:04]} 32. f6 {[%emt 0:00:07]} Qd7 {[%emt 0:00:14]} 33. Qg5 {[%emt 0:00:04]} 1-0